Statistics for Characters Played by Different Actors #3

Click here to take the quiz!

General Stats

  • This quiz has been taken 320 times
  • The average score is 7 of 20

Answer Stats

Actors Character % Correct
Jack Nicholson; Heath LedgerThe Joker
91%
Leonard Nimoy; Zachary QuintoMr. Spock
87%
Adam West; George ClooneyBatman
84%
Michelle Pfieffer; Anne HathawayCatwoman
83%
Christopher Lee; Gary OldmanCount Dracula
68%
Peter Sellers; Steve MartinJacques Clouseau
51%
Kelsey Grammer; Nicholas HoultBeast
41%
Michael Caine; Jude LawAlfie
31%
Tyler Mane; Liev SchreiberSabretooth
30%
Verne Troyer; Danny DeVitoMini-Me
30%
Gabriel Byrne; Dave GrohlSatan
27%
Maureen McCormick; Christine TaylorMarcia Brady
21%
Liam Neeson; Hugh JackmanJean Valjean
18%
Noah Wyle; Ashton KutcherSteve Jobs
15%
Arnold Schwarzenegger; Colin FarrellDouglas Quaid/
Hauser
15%
Will Ferrell; Josh BrolinGeorge W. Bush
14%
Michael Sheen; Ioan GruffuddTony Blair
9%
Darrell Hammond; John TravoltaBill Clinton
7%
Chris O'Donnell; Gabriel ByrneD'Artagnan
6%
Laurence Fishburne; Mekhi PhiferOthello
3%

Score Distribution

Percentile by Number Answered

Percent of People with Each Score

Your Score History

You have not taken this quiz